Statistics for Guess the European Country From the Clue

Click here to take the quiz!

General Stats

  • This quiz has been taken 39 times
  • The average score is 21 of 28

Answer Stats

HintAnswer% Correct
Capital city is LisbonPortugal
97%
Biggest country in the worldRussia
97%
Where the Pope livesVatican City
97%
Sandwiched between France and SpainAndorra
90%
Controls the biggest island in the worldDenmark
90%
Is currently being invadedUkraine
90%
Is home to the island of CreteGreece
87%
Contains the highest peaks in EuropeSwitzerland
87%
North Baltic StateEstonia
84%
In this country, if a leprechaun comes to your door, by law, you must give it some of your dinnerIreland
84%
Central Baltic StateLatvia
84%
South Baltic StateLithuania
84%
Was invaded by Germany and the Soviet Union in WW2Poland
81%
It's capital is TiranaAlbania
74%
2nd most populated country in EuropeGermany
74%
Hitler was actually born in this countryAustria
71%
Happiest country in the worldFinland
71%
Most densely populated country in EuropeMonaco
71%
It's leader is Alexander LukashenkoBelarus
68%
Has the most northernmost mainland point in EuropeNorway
68%
Contains the Catalan regionSpain
68%
Is made up of 4 different countriesUnited Kingdom
65%
Had a country declare independence from it in 2008Serbia
61%
Its capital is PodgorciaMontenegro
58%
Capital is BratislavaSlovakia
58%
Only European country formerly of the Soviet Union not to border RussiaMoldova
55%
Country with smallest population to ever get to the FIFA world cupIceland
45%
There are three times as many tourists are there nativesMalta
35%

Score Distribution

Percentile by Number Answered

Percent of People with Each Score

Your Score History

You have not taken this quiz